书目信息 |
| 题名: |
农村节水灌溉技术
|
|
| 作者: | 李雪转 主编 | |
| 分册: | ||
| 出版信息: | 北京 中国水利水电出版社 2017 |
|
| 页数: | 239页 | |
| 开本: | 26cm | |
| 丛书名: | ||
| 单 册: | ||
| 中图分类: | S275 | |
| 科图分类: | ||
| 主题词: | 农田灌溉--nong tian guan gai--节约用水--职工培训--教材 | |
| 电子资源: | ||
| ISBN: | 978-7-5170-5496-2 | |
| 000 | 01009nam0 2200265 450 | |
| 001 | 012001000106 | |
| 005 | 20131105100538.0 | |
| 010 | @a978-7-5170-5496-2@dCNY39.00 | |
| 099 | @aCAL 012017132777 | |
| 100 | @a20170705d2017 em y0chiy50 ea | |
| 101 | 0 | @achi |
| 102 | @aCN@b110000 | |
| 105 | @aak a 000yy | |
| 106 | @ar | |
| 200 | 1 | @a农村节水灌溉技术@Anong cun jie shui guan gai ji shu@f主编李雪转 |
| 210 | @a北京@c中国水利水电出版社@d2017 | |
| 215 | @a239页@c图@d26cm | |
| 320 | @a有书目 (第239页) | |
| 330 | @a本书系统介绍了农村节水灌溉工程设计、施工、运行管理等技术, 主要内容包括节水灌溉基础知识、渠道防渗技术、低压管道输水灌溉技术、田间灌水技术、节水灌溉设备安装、节水灌溉设备运行管理、雨水集蓄利用技术、罐区信息化管理技术等。 | |
| 333 | @a全国水利行业“十三五”规划教材 (职工培训) | |
| 606 | 0 | @a农田灌溉@Anong tian guan gai@x节约用水@x职工培训@j教材 |
| 690 | @aS275@v5 | |
| 701 | 0 | @a李雪转@ALi Xuezhuan@4主编 |
| 801 | 0 | @aCN@b北京卓展文化@c20191020 |
| 905 | @b1195375-7@dS275@e57@f3 | |
| 农村节水灌溉技术/主编李雪转.-北京:中国水利水电出版社,2017 |
| 239页:图;26cm |
| 使用对象:全国水利行业“十三五”规划教材 (职工培训) |
| ISBN 978-7-5170-5496-2:CNY39.00 |
| 本书系统介绍了农村节水灌溉工程设计、施工、运行管理等技术, 主要内容包括节水灌溉基础知识、渠道防渗技术、低压管道输水灌溉技术、田间灌水技术、节水灌溉设备安装、节水灌溉设备运行管理、雨水集蓄利用技术、罐区信息化管理技术等。 |
| ● |
| 相关链接 |
|
|
|
|
正题名:农村节水灌溉技术
索取号:S275/57
 
预约/预借
| 序号 | 登录号 | 条形码 | 馆藏地/架位号 | 状态 | 备注 |
| 1 | 1195375 | 211953750 | 第二样本阅览室/ [索取号:S275/57] | 在馆 | |
| 2 | 1195376 | 211953769 | 第三借阅区/ [索取号:S275/57] | 在馆 | |
| 3 | 1195377 | 211953778 | 第三借阅区/ [索取号:S275/57] | 在馆 |